Adobe CS4 Quiz Stats

 Plays Quiz Retired Jul 7, 2021

     
Support Sporcle.
Go Orange.
Score 0/17 Timer 03:00
0 Plays Today
% Correct
Photoshop CS4 Extended
92.3%
Illustrator CS4
64.6%
Dreamweaver CS4
59.2%
Flash CS4 Professional
56.9%
Acrobat 9 Pro
54%
InDesign CS4
52.4%
Adobe Bridge CS4
40.4%
Fireworks CS4
34.6%
After Effects CS4
27.9%
% Correct
Adobe Premiere Pro CS4
24.5%
Soundbooth CS4
15.9%
Encore CS4
11.1%
Adobe Device Central CS4
9.5%
Contribute CS4
9.5%
Adobe OnLocation CS4
6.2%
Version Cue CS4
5.4%
Dynamic Link
2.4%

From the Vault

First Word Children's Literature

by lolshortee

Remember to teach your children never to judge a book by the first word on its cover.
Remove Ads.
Support Sporcle.
Get the best of Sporcle when you Go Orange. This ad-free experience offers more features, more stats, and more fun while also helping to support Sporcle. Thank you for becoming a member.

Show Comments

Extras

Top Quizzes Today


Score Distribution

Your Account Isn't Verified!

In order to create a playlist on Sporcle, you need to verify the email address you used during registration. Go to your Sporcle Settings to finish the process.

Report this User

Report this user for behavior that violates our Community Guidelines.

Details: